000 00586nam a2200229Ia 4500
003 OSt
005 20220918225024.0
006 a|||||r|||| 00| 0
007 ta
008 220917b |||||||| |||| 00| 0 eng d
024 _a236,194
037 _cTextual
040 _aARTS
_cARTS
_beng
041 _2eng
_aeng
082 _aP, L9
100 _aMahulkar D. D.
_968562
245 0 _aPathways in linguistics
260 _aBaroda
_bDepartment of Linguistics India
_c1979
300 _a95p.
_ccm.
942 _hP, L9
_cTEXL
_2CC
999 _c283140
_d283140